Statistics for Geometry Dash Demons

Click here to take the quiz!

General Stats

  • This quiz has been taken 50 times
  • The average score is 4 of 8

Answer Stats

HintAnswer% Correct
Easy guess // The successor to cataclysm, this extreme demon was verified by Riot.Bloodbath
93%
Easy guess // An easy demon, most notably known for is early making and 7 star difficulty.The Nightmare
80%
Medium guess // The current hardest demon in the game (4/28/2022)Slaughterhouse
78%
Hard guess // This extreme demon by KrmaL features a 1.0 song and 1.0 decoration.Conical Depression
70%
Hard guess // This Zobros demon is one of the most popular insane demons in the game.8o
40%
Insane guess // This top demon uses the same song as a Medium length demon.Sakupen Circles
25%
Don't try guess // TrusTa beat this weekly demon at 150% speed.Air Supply
0%
Why are you here guess // This demon is made by an effect creator with 43 creator points (as of 4/28/2022) and starts with the letter HHigh Spirits
0%

Score Distribution

Percentile by Number Answered

Percent of People with Each Score

Your Score History

You have not taken this quiz